| 000 | 00612nam a2200193 u 4500 | ||
|---|---|---|---|
| 005 | 20210223130555.0 | ||
| 008 | 080801s2005 mx r 000 0 spa d | ||
| 020 | _a9706888616 | ||
| 035 | _aUPN01000158650 | ||
| 049 | _aI | ||
| 050 | 4 |
_aQL125 _bB5.8 |
|
| 100 | 1 | _aBingham, Caroline | |
| 245 | 1 | 0 |
_a24 Horas en el arrecife de coral / _cCaroline Bingham ; tr. Luis Esteban Pérez Villanueva. |
| 260 |
_aMéxico : _bSM, _c2005. |
||
| 300 |
_a48 p. : _bil. col. |
||
| 534 |
_pTítulo original: _t24 hours coral reef |
||
| 650 | 4 |
_aANIMALES DE ARRECIFES DE CORAL - _vLITERATURA JUVENIL _911718 |
|
| 905 | _aInfantil | ||
| 999 |
_c130764 _d130764 |
||